Săn bắt chim muông và tín ngưỡng liên quan của người Cơ Tu /
Guardado en:
| Autor principal: | |
|---|---|
| Formato: | Artículo |
| Lenguaje: | Vietnamese |
| Materias: | |
| Etiquetas: |
Agregar Etiqueta
Sin Etiquetas, Sea el primero en etiquetar este registro!
|
| Thư viện lưu trữ: | Thư viện Trường Đại học Đà Lạt |
|---|
| LEADER | 00865nam a2200301 4500 | ||
|---|---|---|---|
| 001 | DLU090065945 | ||
| 005 | ##20090415 | ||
| 040 | # | # | |a DLU |b vie |
| 041 | # | # | |a vie |
| 044 | # | # | |a vn |
| 100 | # | # | |a Lưu Hùng. |
| 245 | # | # | |a Săn bắt chim muông và tín ngưỡng liên quan của người Cơ Tu / |c Lưu Hùng. |
| 653 | # | # | |a Dân tộc Cơ Tu |
| 653 | # | # | |a Dân tộc thiểu số |
| 653 | # | # | |a Phong tục cổ truyền |
| 653 | # | # | |a Săn bắn |
| 653 | # | # | |a Tín ngưỡng dân gian |
| 653 | # | # | |a Tập quán |
| 773 | # | # | |t Dân tộc học |g Số 3(135), 2005, tr. 8-14 |
| 920 | # | # | |a Phòng Tạp chí -- Trung tâm Thông tin - Thư viện Trường Đại học Đà Lạt |
| 994 | # | # | |a DLU |
| 900 | # | # | |a True |
| 911 | # | # | |a Nguyễn Thanh Hương |
| 925 | # | # | |a G |
| 926 | # | # | |a A |
| 927 | # | # | |a BB |
| 980 | # | # | |a Thư viện Trường Đại học Đà Lạt |